| 000 | 01184njm a22002777a 4500 | ||
|---|---|---|---|
| 005 | 20100830154157.0 | ||
| 007 | sd ammalaaahaa | ||
| 008 | 100830t xxu||||| |||| 00| 0 eng d | ||
| 028 |
_aH.1266 _bHinduthan Record |
||
| 028 |
_aHSB.2484 _bHindusthan Record |
||
| 028 |
_aHSB.2499 _bHindusthan Record |
||
| 035 | _aGR-00075 | ||
| 040 | _aSED/VEN | ||
| 100 |
_aSaigal, K. L. _917758 |
||
| 245 |
_aMein unehin chherun aur vo kucch na kahen gazal part 1 _cby K. L. Saigal; Comp by Seemab Akberabadi _h[sound recording] : |
||
| 246 | _aमैं उन्हें छेरूं और वो कुछ न कहें (क. ल. सैगल) | ||
| 260 |
_aDum Dum India _bHindusthan Record |
||
| 300 |
_a1 sound disc [ gramophone record] _banalog, 33 /3 rpm _c10 in _fGramophone Record |
||
| 500 | _aBrief record. | ||
| 505 | _aAb kya batayaun mein (अब क्या बताऊँ मैं) पार्ट 2 | ||
| 650 |
_aClassical music _xExcerpts _zIndia _917759 |
||
| 700 |
_aSeemab Akberabadi _917580 |
||
| 700 |
_aSeemab Akberabadi _917581 |
||
| 942 |
_2ddc _cGR |
||
| 999 |
_c43167 _d43167 |
||